Better streets, better places (Record no. 102978)

MARC details
000 -LEADER
fixed length control field 01417cam a2200313 4500
008 - FIXED-LENGTH DATA ELEMENTS--GENERAL INFORMATION
fixed length control field 030716n2003 000 0 eng u
020 ## - INTERNATIONAL STANDARD BOOK NUMBER
International Standard Book Number 1851126538
035 ## - SYSTEM CONTROL NUMBER
System control number (Sirsi) u123024
041 ## - LANGUAGE CODE
Language code of text/sound track or separate title eng
050 ## - LIBRARY OF CONGRESS CALL NUMBER
Classification number 711.58
-- 18
110 ## - MAIN ENTRY--CORPORATE NAME
Corporate name or jurisdiction name as entry element United Kingdom
Subordinate unit Office of the Deputy Prime Minister
245 ## - TITLE STATEMENT
Title Better streets, better places
Remainder of title delivering sustainable residential environments - PPG3 and highway adoption
260 ## - PUBLICATION, DISTRIBUTION, ETC.
Place of publication, distribution, etc. London
Name of publisher, distributor, etc. ODPM
Date of publication, distribution, etc. 2003
300 ## - PHYSICAL DESCRIPTION
Extent iii, 147p.
Dimensions 30cm.
350 ## - PRICE (NR) (BK AM CF MU VM SE) [OBSOLETE]
Price 19
520 ## - SUMMARY, ETC.
Summary, etc. This report examines whether the present system of highway adoption is supporting the delivery of the quality residential environments sought by PPG3. Considers the technical, legal and institutional context, aims to identify impediments that prevent the achievement of better quality and more innovative residential layouts, and sets out recommendations on how these problems may be overcome. With seven case studies. View report at www.odpm.gov.uk/.
650 ## - SUBJECT ADDED ENTRY--TOPICAL TERM
Topical term or geographic name entry element PPG3
650 ## - SUBJECT ADDED ENTRY--TOPICAL TERM
Topical term or geographic name entry element HOUSING
650 ## - SUBJECT ADDED ENTRY--TOPICAL TERM
Topical term or geographic name entry element HIGHWAYS
650 ## - SUBJECT ADDED ENTRY--TOPICAL TERM
Topical term or geographic name entry element URBAN DESIGN
650 ## - SUBJECT ADDED ENTRY--TOPICAL TERM
Topical term or geographic name entry element ROAD DESIGN
650 ## - SUBJECT ADDED ENTRY--TOPICAL TERM
Topical term or geographic name entry element RESIDENTIAL STREETS
650 ## - SUBJECT ADDED ENTRY--TOPICAL TERM
Topical term or geographic name entry element RESIDENTIAL AREAS
650 ## - SUBJECT ADDED ENTRY--TOPICAL TERM
Topical term or geographic name entry element Sustainability
9 (RLIN) 6271
690 ## - LOCAL SUBJECT ADDED ENTRY--TOPICAL TERM (OCLC, RLIN)
Topical term or geographic name as entry element Planning and development
9 (RLIN) 6259
710 ## - ADDED ENTRY--CORPORATE NAME
Corporate name or jurisdiction name as entry element DfT
9 (RLIN) 4403
856 ## - ELECTRONIC LOCATION AND ACCESS
Uniform Resource Identifier <a href="https://www.communities.gov.uk/index.asp?id=1148093">https://www.communities.gov.uk/index.asp?id=1148093</a>
Public note View "Better streets, better places" on the ODPM website...
942 ## - ADDED ENTRY ELEMENTS (KOHA)
Suppress in OPAC 0
Holdings
Withdrawn status Lost status Source of classification or shelving scheme Damaged status Not for loan Home library Current library Shelving location Date acquired Cost, normal purchase price Total Checkouts Full call number Barcode Date last seen Copy number Cost, replacement price Price effective from Koha item type
    Other/Generic Classification Scheme     London London Folio 03/09/2003 16.15   F711.58 OFF 30067708 06/08/2019 1 16.15 06/08/2019 Book
    Dewey Decimal Classification     Virtual Virtual Online 03/09/2003     ONLINE PUBLICATION 123024-2001 06/08/2019 1   06/08/2019 Book